| 000 | 00391nam a2200181Ia 4500 | ||
|---|---|---|---|
| 003 | OSt | ||
| 005 | 20251209114512.0 | ||
| 008 | 250729s2003 xx 000 0 und d | ||
| 020 | _a978-8174504920 | ||
| 040 | _cAL | ||
| 041 | _aeng | ||
| 082 | _a020.2 DSES | ||
| 245 | _aScience-I IX | ||
| 260 |
_aBangalore _c2003 |
||
| 300 | _a198p | ||
| 650 |
_aScience _9226251 |
||
| 942 |
_2ddc _cBED |
||
| 999 |
_c237233 _d237233 |
||